Представление документа в формате MARC21

Поле Инд. ПП Название Значение
Тип записи a
Библиографический уровень m
001 Контрольный номер RU/IS/BASE/411232685
005 Дата корректировки 20140226050959.6
040 a Служба первич. каталог. НБ ТвГУ
080 a Индекс УДК 51
084 a Индекс другой классификации/Индекс ББК В1
090 a Полочн. индекс 51
x Авторский знак А 46
100 a Автор Александров Валентин Александрович
q Полное имя Александров В. А.
245 10 a Заглавие Математика для рабочих
b Продолж. заглавия необходимые сведения из арифметики, алгебры, геометрии и тригонометрии
260 a Место издания Москва
b Издательство Экономическая жизнь
c Дата издания 1926
300 a Объем 292 с.
504 a Библиография Библиогр. в предисл. (6 назв.)
653 a Ключевые слова Алгебра
a Ключевые слова Арифметика
a Ключевые слова Геометрия
a Ключевые слова Математика
a Ключевые слова Тригонометрия
901 t Тип документа m
920 a Оператор Рунт
930 a Новая/Ретро учебники
954 a Дата поступления на обработку 20130111